000 00334nam a2200133Ia 4500
005 20260326100044.0
008 260326s9999||||xx |||||||||||||| ||und||
100 _aAmbasz, Emilio
245 0 _aInventions :
_b The reality of the ideal /
_cEmilio Ambasz
260 _bRizzoli
300 _a360 p.
650 _aARQUITECTOS
942 _cBK
999 _c7104
_d7104